[Event "World Corporate East F"]
[Site "Chess.com INT"]
[Date "2021.02.19"]
[Round "2.5"]
[White "Grishin, Alexandr"]
[Black "Maric, Viktor"]
[Result "1-0"]
[WhiteElo "1434"]
[BlackElo "2285"]
[PlyCount "63"]
[EventDate "2021.02.19"]
[EventType "team (rapid)"]
[EventRounds "7"]
[EventCountry "USA"]
[SourceTitle "EXT 2022"]
[Source "ChessBase"]
[SourceDate "2021.10.06"]
[SourceVersion "1"]
[SourceVersionDate "2021.10.06"]
[SourceQuality "1"]
[WhiteTeam "MMK"]
[BlackTeam "The Hague European Patent Office"]
[WhiteTeamCountry "RUS"]
[BlackTeamCountry "NED"]

1. d4 Nf6 2. c4 g6 3. Nc3 Bg7 4. Bg5 0-0 5. e3 d6 6. Nf3 Nbd7 7. Be2 c6 8. 0-0 Qc7 9. Qc2 e5 10. dxe5 Nxe5 11. Rad1 Bf5 12. Qb3 Rad8 13. Rd2 h6 14. Bh4 d5 15. Bxf6 dxc4 16. Bxd8 Rxd8 17. Rxd8+ Qxd8 18. Qd1 Qc7 19. Nxe5 Bxe5 20. f4 Bf6 21. Bxc4 Qb6 22. Qe2 h5 23. h3 Qb4 24. Bb3 b5 25. Kh1 a5 26. e4 Bc8 27. e5 Be7 28. Qe4 Qc5 29. Qxg6+ Kh8 30. Qxh5+ Kg7 31. Qxf7+ Kh6 32. Bc2 1-0

[Event "World Corporate East F"]
[Site "Chess.com INT"]
[Date "2021.02.19"]
[Round "3.3"]
[White "Maric, Viktor"]
[Black "Pancevski, Filip"]
[Result "0-1"]
[WhiteElo "2285"]
[BlackElo "2519"]
[PlyCount "92"]
[EventDate "2021.02.19"]
[EventType "team (rapid)"]
[EventRounds "7"]
[EventCountry "USA"]
[SourceTitle "EXT 2022"]
[Source "ChessBase"]
[SourceDate "2021.10.06"]
[SourceVersion "1"]
[SourceVersionDate "2021.10.06"]
[SourceQuality "1"]
[WhiteTeam "The Hague European Patent Office"]
[BlackTeam "Alkaloid"]
[WhiteTeamCountry "NED"]
[BlackTeamCountry "MKD"]

1. e4 d6 2. d4 Nf6 3. Nc3 e5 4. Nf3 Nbd7 5. Bc4 Be7 6. 0-0 0-0 7. Re1 a6 8. a4 b6 9. Bg5 c6 10. dxe5 Nxe5 11. Nxe5 dxe5 12. Qe2 Nd7 13. Be3 Bc5 14. Red1 Qe7 15. Rd2 Bb4 16. Rdd1 Bb7 17. Na2 Bc5 18. Nc3 Bxe3 19. Qxe3 b5 20. axb5 axb5 21. Rxa8 Rxa8 22. Bd3 Nc5 23. Ne2 g6 24. h3 Kg7 25. Kh2 Ne6 26. c3 h5 27. Bc2 c5 28. b3 Ra2 29. Qc1 Bc6 30. Ng3 Qf6 31. Qb1 Ra7 32. Rf1 Nf4 33. Bd1 h4 34. Ne2 Nxe2 35. Bxe2 Qf4+ 36. g3 hxg3+ 37. fxg3 Qxe4 38. Qxe4 Bxe4 39. Bf3 Ra2+ 40. Kg1 Bd3 41. Re1 f6 42. Bd5 c4 43. bxc4 bxc4 44. Rc1 f5 45. g4 Kf6 46. Bg8 e4 0-1

[Event "Battle of Alberta"]
[Site "Alberta"]
[Date "1998.??.??"]
[Round "2"]
[White "Maric, Viktor"]
[Black "Fullbrook, Nigel"]
[Result "0-1"]
[WhiteElo "2285"]
[BlackElo "2215"]
[PlyCount "86"]
[EventDate "1998.??.??"]
[EventType "match"]
[EventRounds "2"]
[EventCountry "CAN"]
[SourceTitle "EXT 2003"]
[Source "ChessBase"]
[SourceDate "2002.11.25"]
[SourceVersion "1"]
[SourceVersionDate "2002.11.25"]
[SourceQuality "1"]

1. e4 d6 2. d4 Nf6 3. Nc3 g6 4. f4 Bg7 5. Nf3 c5 6. dxc5 Qa5 7. Bd3 Qxc5 8. Qe2 Nc6 9. Be3 Qa5 10. 0-0 Bg4 11. h3 Bxf3 12. Qxf3 0-0 13. a3 Rac8 14. Rab1 Nd7 15. Ne2 a6 16. Kh1 e6 17. g4 d5 18. Ng3 d4 19. Bf2 e5 20. f5 b5 21. Be1 Qd8 22. Bd2 Qh4 23. Qg2 Bh6 24. Be1 Qd8 25. Ne2 Nc5 26. h4 Be3 27. f6 Nxd3 28. cxd3 Kh8 29. g5 Qd7 30. Rf3 Nd8 31. Qg3 Rc2 32. Qg2 Ne6 33. Bg3 Bf4 34. Be1 Rfc8 35. Qf1 Kg8 36. Bf2 R8c6 37. Be1 Qc8 38. Bf2 h6 39. gxh6 Bxh6 40. Rg3 Nf4 41. Ng1 Rxf6 42. Qe1 Nxd3 43. Rxd3 Rfxf2 0-1